000 00697nam a22002055i 4500
001 53781
003 ES-MaACL
005 20250905063041.0
007 t|
008 960708s1872 sp ||||1| spa d
040 _aCAM
_bspa
_cCAM
100 1 _aFernández y González, Modesto,
_d1840-1899
_950184
245 1 3 _aLa hacienda de nuestros abuelos
_b: conferencias de aldea /
_cescritas por Modesto Fernández y González.
250 _a2ª ed.
260 _aMadrid :
_b[s.n.,
_c1872?] (
_fimprenta de la Biblioteca de Instrucción y Recreo)
300 _a384, [3] p. ;
_c18 cm.
500 _aFecha de la introducción, 1872.
852 _aES-MaACL
_jG-10115
999 _c53781
_d53781